000699903 001__ 699903 000699903 005__ 20251104100838.0 000699903 0247_ $$2ISSN$$a0263-8762 000699903 0247_ $$2ISSN$$a0957-5820 000699903 0247_ $$2ISSN$$a1744-3563 000699903 0247_ $$2SCOPUS$$aSCOPUS:2-s2.0-85042194888 000699903 0247_ $$2WOS$$aWOS:000415908700016 000699903 0247_ $$2doi$$a10.1016/j.cherd.2017.09.005 000699903 037__ $$aRWTH-2017-08540 000699903 041__ $$aEnglish 000699903 082__ $$a540 000699903 1001_ $$0P:(DE-82)691630$$aEggert, Armin$$b0$$urwth 000699903 245__ $$aLiquid-liquid centrifugal separation : New equipment for optical (photographic) evaluation at laboratory scale$$honline, print 000699903 260__ $$aAmsterdam$$bElsevier$$c2017 000699903 3367_ $$00$$2EndNote$$aJournal Article 000699903 3367_ $$0PUB:(DE-HGF)16$$2PUB:(DE-HGF)$$aJournal Article$$bjournal$$mjournal 000699903 3367_ $$2BibTeX$$aARTICLE 000699903 3367_ $$2DRIVER$$aarticle 000699903 3367_ $$2DataCite$$aOutput Types/Journal article 000699903 3367_ $$2ORCID$$aJOURNAL_ARTICLE 000699903 588__ $$aDataset connected to CrossRef 000699903 591__ $$aGermany 000699903 7001_ $$0P:(DE-82)IDM02156$$aSibirtsev, Stephan$$b1$$urwth 000699903 7001_ $$0P:(DE-82)706393$$aMenne, David$$b2$$urwth 000699903 7001_ $$0P:(DE-82)IDM01256$$aJupke, Andreas$$b3$$eCorresponding author$$urwth 000699903 773__ $$0PERI:(DE-600)2008006-2$$a10.1016/j.cherd.2017.09.005$$p170-179$$tChemical engineering research and design : CERD$$v127$$x0263-8762$$y2017 000699903 909CO $$ooai:publications.rwth-aachen.de:699903$$pVDB 000699903 9101_ $$0I:(DE-588b)36225-6$$6P:(DE-82)691630$$aRWTH Aachen$$b0$$kRWTH 000699903 9101_ $$0I:(DE-588b)36225-6$$6P:(DE-82)IDM02156$$aRWTH Aachen$$b1$$kRWTH 000699903 9101_ $$0I:(DE-588b)36225-6$$6P:(DE-82)706393$$aRWTH Aachen$$b2$$kRWTH 000699903 9101_ $$0I:(DE-588b)36225-6$$6P:(DE-82)IDM01256$$aRWTH Aachen$$b3$$kRWTH 000699903 9141_ $$y2017 000699903 9151_ $$0StatID:(DE-HGF)0031$$2StatID$$aPeer reviewed article$$x0 000699903 915__ $$0StatID:(DE-HGF)0030$$2StatID$$aPeer Review$$bASC 000699903 915__ $$0StatID:(DE-HGF)0100$$2StatID$$aJCR$$bCHEM ENG RES DES : 2015 000699903 915__ $$0StatID:(DE-HGF)0110$$2StatID$$aWoS$$bScience Citation Index 000699903 915__ $$0StatID:(DE-HGF)0111$$2StatID$$aWoS$$bScience Citation Index Expanded 000699903 915__ $$0StatID:(DE-HGF)0150$$2StatID$$aDBCoverage$$bWeb of Science Core Collection 000699903 915__ $$0StatID:(DE-HGF)0199$$2StatID$$aDBCoverage$$bThomson Reuters Master Journal List 000699903 915__ $$0StatID:(DE-HGF)0200$$2StatID$$aDBCoverage$$bSCOPUS 000699903 915__ $$0StatID:(DE-HGF)0300$$2StatID$$aDBCoverage$$bMedline 000699903 915__ $$0StatID:(DE-HGF)0600$$2StatID$$aDBCoverage$$bEbsco Academic Search 000699903 915__ $$0StatID:(DE-HGF)1160$$2StatID$$aDBCoverage$$bCurrent Contents - Engineering, Computing and Technology 000699903 915__ $$0StatID:(DE-HGF)9900$$2StatID$$aIF < 5 000699903 9201_ $$0I:(DE-82)416310_20151215$$k416310$$lLehrstuhl für Fluidverfahrenstechnik$$x0 000699903 961__ $$c2017-09-29T08:08:23.695339$$x2017-09-29T08:08:23.695339$$z2017-09-29 000699903 980__ $$aI:(DE-82)416310_20151215 000699903 980__ $$aUNRESTRICTED 000699903 980__ $$aVDB 000699903 980__ $$ajournal